Ako písať a ako nepísať záverečnú prácu

Bibliographic Details
Main Authors: Kusý, Ivan, 1948- (Author), Vavrinčíková, Lenka (Author)
Format: Book
Language:Slovak
PhysicalDescription:74 s. lit., tab., grafy 29 cm
Published: Banská Bystrica Univerzita Mateja Bela 2009
ISBN:9788080837532
Edition:[1. vyd.]
Subjects:

MARC

LEADER 00000nam a2200000 a 4500
001 vtls010027170
003 SK-MaSNL
005 20260302044429.0
008 180730s2009 xo dl d p 000 0 slo
015 |a SNBA2010/01-00059 
020 |a 9788080837532  |q (brož.) 
035 |a D5DE282F-60AB-4043-AA27-CE3190B4BD88 
035 |a urn:nbn:sk:snk-amjwke 
035 |a urn:nbn:sk:snk-am007z5s 
040 |a SNK  |b slo  |c SNK  |e AACR2 
041 0 |a slo 
044 |a xo  |c SK 
072 7 |a 378  |x Vysoké školy  |2 konspekt 
072 7 |a 37.016  |x Učebné osnovy. Vyučovacie predmety. Učebnice  |2 konspekt 
080 |a 371.279.8  |2 2001 
080 |a 378.2  |2 2001 
080 |a (075)  |2 2001 
080 |a (072)  |2 2001 
100 1 |a Kusý, Ivan,  |d 1948-  |4 aut  |9 17645 
245 1 0 |a Ako písať a ako nepísať záverečnú prácu  |c Ivan Kusý, Lenka Vavrinčíková 
250 |a [1. vyd.] 
260 |a Banská Bystrica  |b Univerzita Mateja Bela  |c 2009 
300 |a 74 s.  |b lit., tab., grafy  |c 29 cm 
504 |a Literatúra na s. 74 
650 0 7 |a záverečné práce  |2 SNKPH  |9 75084 
650 0 7 |a odborné písomné práce  |2 SNKPH  |9 3504 
650 0 7 |a Final theses  |2 SNKPHeng  |9 325921 
650 0 7 |a Professional papers  |2 SNKPHeng  |9 326108 
655 7 |a učebnice  |2 SNKPH  |9 22521 
655 7 |a metodické príručky  |2 SNKPH  |9 70250 
655 7 |a Textbooks  |2 SNKPHeng  |9 276731 
655 7 |a Methodological manuals  |2 SNKPHeng  |9 270866 
700 1 |a Vavrinčíková, Lenka  |4 aut  |9 26065 
710 2 |a Občianske združenie Pedagóg (Banská Bystrica, Slovensko)  |4 pbl  |9 177282 
852 |a Štátna vedecká knižnica v Banskej Bystrici 
852 |a Akadémia umení v Banskej Bystrici 
919 |a 978-80-8083-753-2 
958 |a OND 
958 |a NB 
968 |d 0 
999 |c 1089679  |d 1091609 
952 |a SNK  |b SNK  |y PREZ  |7 0  |p 17A0637523  |o snkSB 78678  |i snk2009/21665  |8 0  |0 0  |1 0  |4 0  |d 2009-12-02  |f 1  |l 0  |r 2025-04-29 00:00:00  |w 2026-02-24 
952 |a SNK  |b SNK  |y VYP  |7 0  |p 17A0637524  |o snkSB 78678 D1  |i snk2009/21666  |8 0  |z Digitalizovaný  |0 0  |1 0  |4 0  |d 2009-12-02  |l 0  |r 2016-06-30 00:00:00  |w 2026-02-24